00924nam a2200217 a 450000100100000000500170001000800410002704000250006808200190009324501310011226000620024330000330030549000530033865000260039165000300041770000500044783000600049704900090055795201230056699900170068900002119020200930011246.0100901s1975 cu a r 000 0 spa d aDO-SdBNPbspacBNPHU aM863.44bR311t00aRecopilación de textos sobre la novela de la revolucin Mexicana /ccompilación y prólogo de Rogelio Rodríguez Coronel. aLa Habana :bCentro de Investigaciones Literarias,c1975. a431, [6] p. :bil. ;c23 cm.1 aValoración múltiple "Casa de las Américas" 4aNovela mexicana93959 4aLiteratura mexicana919221 aRodríguez Coronel, Rogelio,epról.944297 0aValoración múltiple "Casa de las Américas"944298 aBNGR 001052708MOaGRbGRcCTd2010-09-01iLF1l0oM863.44 R311tp21190-10r2020-06-25w2020-06-25y2ZPréstamo interno c20691d20691